000 00317nam a22001457a 4500
003 SGT
020 _a978-1-032-63437-1
082 _a741.5
_bWHI
100 _aWHITAKER, HAROLD
245 _aTIMING FOR ANIMATION
260 _aLONDON
_bCRC PRESS
_c2026
300 _a166
650 _a ANIMATION
942 _2ddc
_cBK
999 _c34632
_d34632